000 01292nam a2200229Ia 4500
003 Ost
005 20260507074849.0
008 260507s9999||||xx |||||||||||||| ||und||
020 _a9957321218
040 _cfsecg
041 _aara
082 _a657.46
100 _aبني عطا، حيدر محمد علي
_eمؤلف
245 0 _aمفاهيم أساسية في قياس الأصول الثابتة /
_c حيدر محمد علي بني عطا
260 _aعمان:
_bدار الحامد للنشر والتوزيع,
_c2007
300 _a182 صفحة؛
_bإيضاحات ؛
_c24 سم
504 _aبيبليوغرافيا: ص.181 (اقتناءات 2014 3ن)
520 _aيضم مفاهيم القياس والاعتراف، قياس وتحديد تكلفة الاصول الثابتة، تحديد تكلفة امتلاك الأصول الثابتة، طرق الاهتلاك، التكاليف التى تحدث بعد الامتلاك، التخلص من الاصول الملموسة الإفصاح عن الأصول الثابتة، التحليل المالي للأصول الثابتة، قياس الأصول في فترة التضخم.
653 _aالمالية العامة- المحاسبة
653 _aالمحاسبة التحليلية
942 _cكتاب
999 _c41553
_d41553